000 00693nam a22002532 4500
999 _c4986
_d4986
001 012867840
003 UkOxU
005 20220401090057.0
008 700227s1964 xx 000 0 eng d
015 _aGB64-17453
035 _aOCLC ocm14528303 from D970918M
040 _aNLM
_cALUPE UNIVERSITY
_dUKM
_dEQO
050 _aRD118
_b.J46 1964
060 0 _aWY 161
_bJ52p 1964
082 0 4 _a617.950024613
_218
100 1 _aJenkins, Mair Matilda.
245 1 0 _aPlastic surgery nursing.
260 _aLondon :
_bMacmillan,
_c1964.
300 _a128 p.
650 2 _aNursing.
650 2 _aSurgery, Plastic.
942 _2lcc
_cBK
_nJO